000 00312nam a22001337a 4500
008 181101b xxu||||| |||| 00| 0 eng d
020 _a0669214612
041 _aeng
080 _a159.9
100 _a48
101 _aPSI
245 _aFamily Therapy for Adolescent Drug Abuse
_cFriedman,A.S
942 _2udc
_cBK
999 _c51461
_d51461